• 首页
  • 本馆介绍
  • 公告通知
  • 最新文献
  • 馆藏检索
  • 电子资源
  • 读者导购
  • 参考咨询
  • 我的图书馆
  • 登录
  • 详细信息显示
  • 放入我的书架
  • 预约/预借图书
  • 作者相关作品
  • 分类相关作品
  • 丛书相关作品
  • 出版社相关作品

书目信息

  • 表格格式
  • 工作单格式
  • 卡片格式
题名:
神秘的密教
    
 
作者: 樊锦诗 主编 ;彭金章 著
分册:  
出版信息: 上海   华东师范大学出版社  2010
页数: 179页
开本: 24cm
丛书名:
单 册:
中图分类: K879.414 , B946.6
科图分类:
主题词: 敦煌石窟--dun huang shi ku--壁画--研究 , 密宗--mi zong--研究
电子资源:
ISBN: 978-7-5617-7981-1
000 00891nam0 22002771 450
001 0102164906
005 20170502164906.0
010    @a978-7-5617-7981-1@dCNY49.80
100    @a20100928d2010 em y0chiy50 ea
101 0  @achi
102    @aCN@b310000
105    @aa z 000yy
106    @ar
200 1  @a神秘的密教@9shen bi de mi jiao@f樊锦诗主编@g彭金章著
210    @a上海@c华东师范大学出版社@d2010
215    @a179页@c图@d24cm
300    @a解读敦煌
330    @a本书内容包括:神秘的佛教宗派——密教;汉传密教在中国的传播;藏传密教异军突起与汉传密教的衰落等。
606 0  @a敦煌石窟@9dun huang shi ku@x壁画@x研究
606 0  @a密宗@9mi zong@x研究
690    @aK879.414@v4
690    @aB946.6@v4
701  0 @a樊锦诗@9fan jin shi@f(1938~)@4主编
702  0 @a彭金章@9peng jin zhang@f(1937.11~)@4著
801  0 @aCN@b百万庄@c20170308
905    @b1002454-9@dK879.414@e348@f6
    
    神秘的密教/樊锦诗主编/彭金章著.-上海:华东师范大学出版社,2010
    179页:图;24cm
    解读敦煌
    
    ISBN 978-7-5617-7981-1:CNY49.80
    本书内容包括:神秘的佛教宗派——密教;汉传密教在中国的传播;藏传密教异军突起与汉传密教的衰落等。
●
相关链接 在E读中查询图书 在五车中查询图书 在当当中查询图书 在豆瓣中查询图书


正题名:神秘的密教     索取号:K879.414/348         预约/预借

序号 登录号 条形码 馆藏地/架位号 状态 备注
1 1002454   210024542   第二样本阅览室/ [索取号:K879.414/348] 在馆    
2 1002455   210024551   教育系资料室/ [索取号:K879.414/348] 在馆    
3 1002456   210024560   教育系资料室/ [索取号:K879.414/348] 在馆    
4 1002457   210024579   教育系资料室/ [索取号:K879.414/348] 在馆    
5 1002458   210024588   第二借阅区/ [索取号:K879.414/348] 在馆    
6 1002459   210024597   第二借阅区/ [索取号:K879.414/348] 在馆    
唐山师范学院图书馆 欢迎您!
大连网信软件有限公司© 版权所有